Tribal elites and social transformation / (Record no. 65524)

MARC details
000 -LEADER
fixed length control field 00558nam a22001577a 4500
005 - DATE AND TIME OF LATEST TRANSACTION
control field 20120424115949.0
020 ## - INTERNATIONAL STANDARD BOOK NUMBER
International Standard Book Number 8121003199
Terms of availability 195.00
035 ## - SYSTEM CONTROL NUMBER
System control number A-705465
037 ## - SOURCE OF ACQUISITION
Stock number DPL
Source of stock number/acquisition ENG
100 ## - MAIN ENTRY--PERSONAL NAME
Personal name Mishra, K.K.
245 ## - TITLE STATEMENT
Title Tribal elites and social transformation /
Statement of responsibility, etc by K.K. Mishra
260 ## - PUBLICATION, DISTRIBUTION, ETC. (IMPRINT)
Place of publication, distribution, etc New Delhi
Name of publisher, distributor, etc Inter-India Publications
Date of publication, distribution, etc 1993
300 ## - PHYSICAL DESCRIPTION
Extent 160p.
Dimensions 20 cms.
942 ## - ADDED ENTRY ELEMENTS (KOHA)
Source of classification or shelving scheme Dewey Decimal Classification
Item type English Books
Classification part 307.772
Call number suffix MIS
Holdings
Withdrawn status Lost status Not for loan Collection code Home library Current library Date acquired Cost, normal purchase price Full call number Barcode Cost, replacement price Koha item type
      Non-fiction Sarojini Nagar Sarojini Nagar 24/04/2012 195.00 307.772 MIS A-705465 195.00 English Books

© Delhi Public Library
Hit Counter
free hit counter